| 000 | 00414pam a2200157a 44500 | ||
|---|---|---|---|
| 008 | 230515b1996 xxu||||| |||| 00| 0 eng d | ||
| 020 | _aNULL | ||
| 041 | _aENGL | ||
| 082 | _a614 FRC. | ||
| 100 | _a"F.R.C.H.," | ||
| 245 | _aHEALTH RESEARCH STUDIES IN INDIA | ||
| 250 | _a0 | ||
| 260 |
_aPUNE _bFOUNDATION FOR RESEARCH IN COMMUNITY HEALTH _c1996 |
||
| 300 | _aVIII+185 | ||
| 650 | _a"PRIVANTIVE MEDICINE,HEALTH" | ||
| 999 |
_c538897 _d538897 |
||